000 00617nam a2200229Ia 4500
003 OSt
005 20221007071322.0
006 a|||||r|||| 00| 0
007 ta
008 221006b |||||||| |||| 00| 0 eng d
024 _a16,355
037 _cTextual
040 _aFLL
_cFLL
_beng
041 _2eng
_aeng
082 _aX89:Z3, F3
100 _aWelford A.W.B. Au.
_9688505
245 0 _aLaw relating to accident insurance
260 _aLondon
_bButterworths and co. London
_c1923
300 _a651p
_ccm.
942 _hX89:Z3, F3
_cTEXL
_2CC
999 _c1143047
_d1143047